| 000 | 00640nam a22002177a 4500 | ||
|---|---|---|---|
| 003 | LK-CoMWRAF | ||
| 005 | 20230911233442.0 | ||
| 008 | 230911b2013 |||||||| |||| 00| 0 eng d | ||
| 020 | _a9789556250473 | ||
| 040 |
_aLK-CoMWRAF _dLK-CoMWRAF _eLK-CoMWRAF |
||
| 041 | _aeng | ||
| 082 |
_a378 _bPER |
||
| 100 | _aPerera, Avanka | ||
| 245 |
_aWord of wisdom : _bTeaching of the great religious teachers |
||
| 260 |
_aColombo : _bMuslim Women's research and action forum, _c2013 |
||
| 650 | _aReligious education | ||
| 700 |
_aHussein, Asiff _econt. |
||
| 700 |
_aUmayal, Venugopal _econt. |
||
| 700 |
_aEdirisinghe, Daya _econt. |
||
| 942 | _cBK | ||
| 999 |
_c3548 _d3548 |
||